<?xml version="1.0" encoding="UTF-8"?><?xml-stylesheet type="text/xsl" href="static/style.xsl"?><OAI-PMH xmlns="http://www.openarchives.org/OAI/2.0/" xmlns:xsi="http://www.w3.org/2001/XMLSchema-instance" xsi:schemaLocation="http://www.openarchives.org/OAI/2.0/ http://www.openarchives.org/OAI/2.0/OAI-PMH.xsd"><responseDate>2026-04-14T08:59:33Z</responseDate><request verb="GetRecord" identifier="oai:www.recercat.cat:2445/220787" metadataPrefix="marc">https://recercat.cat/oai/request</request><GetRecord><record><header><identifier>oai:recercat.cat:2445/220787</identifier><datestamp>2025-12-05T14:39:58Z</datestamp><setSpec>com_2072_1057</setSpec><setSpec>col_2072_478861</setSpec><setSpec>col_2072_478917</setSpec></header><metadata><record xmlns="http://www.loc.gov/MARC21/slim" xmlns:dcterms="http://purl.org/dc/terms/" xmlns:xsi="http://www.w3.org/2001/XMLSchema-instance" xmlns:doc="http://www.lyncode.com/xoai" xsi:schemaLocation="http://www.loc.gov/MARC21/slim http://www.loc.gov/standards/marcxml/schema/MARC21slim.xsd">
   <leader>00925njm 22002777a 4500</leader>
   <datafield ind2=" " ind1=" " tag="042">
      <subfield code="a">dc</subfield>
   </datafield>
   <datafield ind2=" " ind1=" " tag="720">
      <subfield code="a">Raurell Torredà, Marta</subfield>
      <subfield code="e">author</subfield>
   </datafield>
   <datafield ind2=" " ind1=" " tag="720">
      <subfield code="a">Muriel-García, Alfonso</subfield>
      <subfield code="e">author</subfield>
   </datafield>
   <datafield ind2=" " ind1=" " tag="720">
      <subfield code="a">Arias-Rivera, Susana</subfield>
      <subfield code="e">author</subfield>
   </datafield>
   <datafield ind2=" " ind1=" " tag="260">
      <subfield code="c">2025-05-02T17:25:21Z</subfield>
   </datafield>
   <datafield ind2=" " ind1=" " tag="260">
      <subfield code="c">2025-05-02T17:25:21Z</subfield>
   </datafield>
   <datafield ind2=" " ind1=" " tag="260">
      <subfield code="c">2025-04-30</subfield>
   </datafield>
   <datafield ind2=" " ind1=" " tag="260">
      <subfield code="c">2025-05-02T17:25:21Z</subfield>
   </datafield>
   <datafield ind2=" " ind1=" " tag="520">
      <subfield code="a">Background: To diagnose intensive care uniteacquired weakness (ICU-AW) in a timely manner, we previously constructed a prediction model based on multicentre data from 642 patients (development cohort), focussing on the presence of ICU-AW on days 3*5 of ICU admission.Objective: The aim of this study was to investigate the external validity of the original prediction model in a new multicentre cohort (10 of the 80 original ICUs) and investigate frailty as a new predictor.Methods: Newly admitted patients with an ICU stay for >48 h were included. Predictors were prospectively recorded, and an outcome of ICU-AW was defined by a Medical Research Council (MRC) mean score &lt;48. We assessed calibration and discrimination in the original prediction model in the validation cohort (411 patients). We then updated the model in the validation cohort by adding frailty, measured using FRAILEspña and the Clinical Frailty Scale-España.Results: Of the 351 patients with an MRC score in the validation cohort, 195 (55.5%) developed ICU-AW. Model calibration and discrimination in the original model were good with these patients (calibrationin- the-large was 0.17 [95% confidence interval {CI}: {-0.07; 0.40}], slope was 0.93 [95% CI: {0.66; 1.21}], and area under the receiver operating characteristic curve was 0.723 [95% CI: {0.67; 0.78}]. However, when the model validation included unconscious patients (unfeasible for MRC score assessment) classified as having ICU-AW, there was a tendency to underestimate ICU-AW. Model updating did not improve performance (net reclassification improvement was -0.2% with Clinical Frailty Scale-España and -0.3% with FRAIL-España.Conclusions: The initial prediction model for ICU-AW shows good performance in this new independent multicentre validation cohort, which confirms that the predictor variables of ICU-AW for the first 5 days of ICU stay are older age, being female, not being conscious for MRC assessment, and receiving renal replacement therapy. Protectors are active mobility and hyperactive delirium. The frailty variable does not enhance the predictive model.</subfield>
   </datafield>
   <datafield tag="653" ind2=" " ind1=" ">
      <subfield code="a">Fisioteràpia</subfield>
   </datafield>
   <datafield tag="653" ind2=" " ind1=" ">
      <subfield code="a">Teoria de la predicció</subfield>
   </datafield>
   <datafield tag="653" ind2=" " ind1=" ">
      <subfield code="a">Unitats de cures intensives</subfield>
   </datafield>
   <datafield tag="653" ind2=" " ind1=" ">
      <subfield code="a">Physical therapy</subfield>
   </datafield>
   <datafield tag="653" ind2=" " ind1=" ">
      <subfield code="a">Prediction theory</subfield>
   </datafield>
   <datafield tag="653" ind2=" " ind1=" ">
      <subfield code="a">Intensive care units</subfield>
   </datafield>
   <datafield ind2="0" ind1="0" tag="245">
      <subfield code="a">Predicting intensive care uniteacquired weakness in the first week of an intensive care unit stay: A multicentre external validation study</subfield>
   </datafield>
</record></metadata></record></GetRecord></OAI-PMH>